• 首页
  • 本馆介绍
  • 公告通知
  • 最新文献
  • 馆藏检索
  • 电子资源
  • 读者导购
  • 参考咨询
  • 我的图书馆
  • 登录
  • 详细信息显示
  • 放入我的书架
  • 预约/预借图书
  • 作者相关作品
  • 分类相关作品
  • 丛书相关作品
  • 出版社相关作品

书目信息

  • 表格格式
  • 工作单格式
  • 卡片格式
题名:
Visual Foxpro程序设计
    
 
作者: 高宗振 , 董艳华 主编
分册:  
出版信息: 长春   吉林大学出版社  2018
页数: 208页
开本: 26cm
丛书名:
单 册:
中图分类: TP311.138FO
科图分类:
主题词: 关系数据库系统--程序设计
电子资源:
ISBN: 978-7-5692-4086-3
000 01007nam0 2200253 450
001 012001002428
005 20140101094936.0
010    @a978-7-5692-4086-3@dCNY39.00
100    @a20190513d2018 em y0chiy50 ea
101 0  @achi
102    @aCN@b220000
105    @ay z 000yy
106    @ar
200 1  @aVisual Foxpro程序设计@AVisual Foxpro cheng xu she ji@f高宗振,董艳华主编
210    @a长春@c吉林大学出版社@d2018
215    @a208页@d26cm
330    @a本书详细介绍了使用VisualFoxpro进行可视化编程应具备的基础知识和操作方法。全书共分为10个模块,内容包括VisualFoxpro数据库基础、VisualFoxpro语言基础、数据库与表、关系数据库标准语言SQL、查询与视图、结构化程序设计、面对对象程序设计、表单及控件、菜单设计、报表及标签设计。在每章的最后均设有习题。
606 0  @a关系数据库系统@x程序设计
610 0  @aFoxPro
690    @aTP311.138FO@v5
701  0 @a高宗振@Agao zong zhen@4主编
701  0 @a董艳华@Adong yan hua@4主编
801  0 @aCN@b北京卓展@c20191020
905    @b1203402-5@dTP311.138FO@e1400@f4
    
    Visual Foxpro程序设计/高宗振,董艳华主编.-长春:吉林大学出版社,2018
    208页;26cm
    
    
    ISBN 978-7-5692-4086-3:CNY39.00
    本书详细介绍了使用VisualFoxpro进行可视化编程应具备的基础知识和操作方法。全书共分为10个模块,内容包括VisualFoxpro数据库基础、VisualFoxpro语言基础、数据库与表、关系数据库标准语言SQL、查询与视图、结构化程序设计、面对对象程序设计、表单及控件、菜单设计、报表及标签设计。在每章的最后均设有习题。
●
相关链接 在E读中查询图书 在五车中查询图书 在当当中查询图书 在豆瓣中查询图书


正题名:Visual Foxpro程序设计     索取号:TP311.138FO/1400         预约/预借

序号 登录号 条形码 馆藏地/架位号 状态 备注
1 1203402   212034029   第二样本阅览室/ [索取号:TP311.138FO/1400] 在馆    
2 1203403   212034038   第三借阅区/ [索取号:TP311.138FO/1400] 在馆    
3 1203404   212034047   第三借阅区/ [索取号:TP311.138FO/1400] 在馆    
4 1203405   212034056   第三借阅区/ [索取号:TP311.138FO/1400] 在馆    
唐山师范学院图书馆 欢迎您!
大连网信软件有限公司© 版权所有